| 000 | 00521nam a2200217Ia 4500 | ||
|---|---|---|---|
| 003 | OSt | ||
| 005 | 20220510142714.0 | ||
| 008 | 210210b1998 xxu||||| |||| 00| 0 eng d | ||
| 020 | _a81 7493 430 8 | ||
| 040 |
_aAL _c |
||
| 041 | _aEnglish | ||
| 082 | _a650 CHEB | ||
| 100 |
_aCHERUNILAM (Francis) _935682 |
||
| 245 | _aBusiness environment | ||
| 250 | _a8 | ||
| 260 |
_aDelhi _bHimalaya Publishing House _c1998 |
||
| 300 | _a645 | ||
| 690 |
_aBusiness Environment _935687 |
||
| 906 | _a053397 | ||
| 942 |
_2ddc _cBK |
||
| 999 |
_c101789 _d101789 |
||